000 00504nam a2200181 4500
003 LK-CoDNM
005 20240201114549.0
008 240201b |||||||| |||| 00| 0 eng d
020 _a9789553125521
040 _aLK-CoDNM
_dLK-CoDNM
_eLK-CoDNM
041 _asin
080 _a294.3
_bANA
100 _aආනන්ද,අතපත්තුකන්දේ
245 _aපොහොය විමසුම
260 _aNugegoda
_bSarasavi Prakashakayo
_c2022
300 _a68p.,21cm
942 _n0
_cBK
999 _c144729
_d144729